| 000 | 01391cam a22002415a 4500 | ||
|---|---|---|---|
| 001 | L156382 | ||
| 008 | 120515s2012 xxk f 001 0 eng d | ||
| 020 | _a9780415472753 | ||
| 035 | _a(Sirsi) u156382 | ||
| 041 | 0 | _aeng | |
| 050 | 0 | 4 | _a338.88724 $2 18 |
| 100 | 1 | _aTijhuis, Wilco | |
| 245 | 0 | 0 | _aCulture in international construction |
| 260 |
_aOxon _aSpon Press _c2012 |
||
| 300 |
_a xviii, 200 p. _bill. _c 24 cm |
||
| 350 | _a65 | ||
| 505 | 2 | _aIntroduction -- Construction: a globalizing business -- Culture's influences in construction: theory and applications --The practice:international case studies -- Lessons learned -- A future vision for culture in international construction. | |
| 520 | _aThis book presents up-to-date theory and practical guidance, identifying situations in which cultural differences present challenges. A focus on "critical incidents", demonstrated in a range of case studies will help readers to foresee such situations in their own projects and processes, and so improve strategic and operational decision-making in construction collaborations. Detailed examples are taken from the Netherlands, Germany, Poland, Turkey, the UAE, and China, to explore a variety of problems in very different economic and cultural surroundings. | ||
| 521 | _aAdvanced | ||
| 651 | 4 | _aENGLAND AND WALES | |
| 690 |
_aConstruction management _96230 |
||
| 942 | _n0 | ||
| 999 |
_c114225 _d114225 |
||